00489nam a22001697a 450000500170000001000130001702000100003003500130004003700140005308200110006710000200007824500500009824600470014826000420019527000620023730000200029920191230172241.0 aA-586536 c20.00 aA-586536 bBPPD/Pub. a270.32 aعلی اصغر aحیات رسول اللہ /cعلی اصغر aHayat Rasool Allah (Urdu) /bby Ali Asghar aNew DelhibAbdul Malik Fahimc1992 ء aMaktaba, 2241, Kucha Chalan, DaryaganjbNew Delhie110002 a255p.c18cm(Hb)